000 01305nam a2200409 a 4500
001 dia_2341
003 CHAP
005 20230925190414.0
007 ta
008 220117s1994 mx d fr 001 0 spa d
010 _a172863
020 _a970-10-0351-9
020 _a968-422-630-6
040 _cCHAP
_amxchpua
050 _aHG4026
_b.W47 1994
082 _a658.15
_bW47 1994
_220
100 1 _aWeston, J. Fred
_9152689
_eautor
240 1 0 _aEssentials of managerial finance.
_lEspañol
245 1 0 _aFundamentos de administración financiera /
_cJ. Fred Weston y Eugene F. Brigham ; traductor Jaime Gómez Mont
250 _a10a edición
260 _aMéxico :
_bMcGraw-Hill,
_c1994
300 _axxv, 1184 páginas :
_bgráficas, tablas
336 _atexto
_btxt
_2rdacontent
337 _2rdamedia
338 _2rdacarrier
650 1 3 _aAdministración financiera
_9150794
650 1 3 _aCorporaciones
_9157005
_xFinanzas
650 1 3 _aManagerial finance
_9188019
650 1 3 _aCorporations
_9157245
_xFinance
700 1 _9139350
_aBrigham, Eugene F.
_eautora
700 1 _9152739
_aGómez Mont Araiza, Jaime
_etraductor
901 _a658.15 W47 1994
902 _aM
905 _a0000001994 MEXX 0000000000ESP00
942 _2ddc
942 _cLIBRO
999 _c172863
_d172863